[Event "RUS-chT 31th"]
[Site "Sochi"]
[Date "2024.05.10"]
[Round "9.12"]
[White "Tihonov, Jurij"]
[Black "Afanasiev, Nikita"]
[Result "1/2-1/2"]
[WhiteElo "2347"]
[BlackElo "2541"]
[PlyCount "156"]
[EventDate "2024.05.01"]
[EventType "team-tourn"]
[EventRounds "9"]
[EventCountry "RUS"]
[SourceTitle "CB20_2024"]
[SourceDate "2024.05.16"]
[SourceVersion "1"]
[SourceVersionDate "2024.05.16"]
[SourceQuality "1"]
[WhiteTeam "Belarus"]
[BlackTeam "Moscow KPRF"]
[WhiteTeamCountry "BLR"]
[BlackTeamCountry "RUS"]

1. e4 e5 2. Nf3 Nc6 3. Nc3 Nf6 4. Bb5 Bd6 5. d3 h6 6. a3 0-0 7. g4 Nd4 8. g5 hxg5 9. Bxg5 Be7 10. Rg1 Nxb5 11. Nxb5 Ne8 12. d4 f6 13. Be3 d6 14. Nc3 c6 15. Nh4 f5 16. Ng6 f4 17. Nxf8 Bxf8 18. Bd2 Qh4 19. Qf3 Nf6 20. h3 Nh7 21. Ne2 Ng5 22. Rxg5 Qxg5 23. 0-0-0 Be6 24. Bc3 Bf7 25. Rg1 Bh5 26. Rxg5 Bxf3 27. Ng1 exd4 28. Nxf3 dxc3 29. Rf5 g6 30. Rf6 cxb2+ 31. Kb1 Kg7 32. Re6 Rd8 33. Kxb2 d5 34. e5 Bc5 35. Kb3 Rd7 36. Nh4 Bxf2 37. Rxg6+ Kh7 38. Rg4 Bxh4 39. Rxh4+ Kg6 40. Rxf4 Re7 41. Rf6+ Kg5 42. h4+ Kxh4 43. e6 b6 44. Rf7 Rxe6 45. Rxa7 Kg5 46. Rb7 b5 47. Rf7 Rf6 48. Rc7 Kg6 49. a4 bxa4+ 50. Kxa4 Rf4+ 51. Kb3 Rc4 52. c3 Kf6 53. Rh7 Ke6 54. Rh6+ Kd7 55. Kc2 Kc7 56. Kb3 Kb6 57. Rh5 Rf4 58. Rg5 Rf2 59. Rh5 Rd2 60. Rg5 c5 61. Rg8 c4+ 62. Ka3 Rc2 63. Rg3 Kc5 64. Rh3 Kb5 65. Rg3 Rd2 66. Rg6 Kc5 67. Rh6 Rf2 68. Rg6 Rh2 69. Rf6 Rc2 70. Rf3 Kd6 71. Re3 Kc6 72. Rh3 Kd7 73. Kb4 Rd2 74. Rh6 Rd3 75. Kc5 Rxc3 76. Kxd5 Rd3+ 77. Kxc4 Rd6 78. Rxd6+ Kxd6 1/2-1/2

[Event "RUS-chT 31th"]
[Site "Sochi"]
[Date "2024.05.09"]
[Round "8.24"]
[White "Afanasiev, Nikita"]
[Black "Kuzminykh, Nikita"]
[Result "1-0"]
[WhiteElo "2541"]
[BlackElo "2028"]
[PlyCount "85"]
[EventDate "2024.05.01"]
[EventType "team-tourn"]
[EventRounds "9"]
[EventCountry "RUS"]
[SourceTitle "CB20_2024"]
[SourceDate "2024.05.16"]
[SourceVersion "1"]
[SourceVersionDate "2024.05.16"]
[SourceQuality "1"]
[WhiteTeam "Moscow KPRF"]
[BlackTeam "Voronezh"]
[WhiteTeamCountry "RUS"]
[BlackTeamCountry "RUS"]

1. e4 e5 2. Nf3 Nc6 3. g3 Nf6 4. d3 Bc5 5. Bg2 d6 6. c3 0-0 7. 0-0 Re8 8. Na3 a5 9. h3 Ba7 10. Re1 Ne7 11. d4 Ng6 12. Nc4 exd4 13. Nxd4 Bd7 14. a4 Ne5 15. Ne3 Nc6 16. Nec2 Nxd4 17. cxd4 c6 18. f3 b5 19. axb5 cxb5 20. Kh2 Bc8 21. b3 Bb6 22. Bb2 d5 23. e5 Nd7 24. Ne3 Nf8 25. f4 Bb7 26. f5 Qd7 27. Qd2 a4 28. Qd3 Ra7 29. Rf1 Rea8 30. Rf4 b4 31. bxa4 Rxa4 32. Rxa4 Qxa4 33. Rf2 Rd8 34. Ng4 Bc8 35. Qd2 Kh8 36. Qg5 Qa7 37. Ne3 Qb7 38. Rf4 h6 39. Qh5 Nh7 40. f6 g5 41. Rf2 Be6 42. Bf1 Qc6 43. Qxh6 1-0

[Event "RUS-chT 31th"]
[Site "Sochi"]
[Date "2024.05.08"]
[Round "7.18"]
[White "Popov, Konstantin"]
[Black "Afanasiev, Nikita"]
[Result "1/2-1/2"]
[WhiteElo "2380"]
[BlackElo "2541"]
[PlyCount "81"]
[EventDate "2024.05.01"]
[EventType "team-tourn"]
[EventRounds "9"]
[EventCountry "RUS"]
[SourceTitle "CB20_2024"]
[SourceDate "2024.05.16"]
[SourceVersion "1"]
[SourceVersionDate "2024.05.16"]
[SourceQuality "1"]
[WhiteTeam "Moscow Region"]
[BlackTeam "Moscow KPRF"]
[WhiteTeamCountry "RUS"]
[BlackTeamCountry "RUS"]

1. e4 e5 2. Nf3 Nc6 3. Bb5 Nf6 4. 0-0 Nxe4 5. Re1 Nd6 6. a4 Be7 7. Nc3 a6 8. Bf1 e4 9. Nxe4 Nxe4 10. Rxe4 d5 11. Re1 Bg4 12. h3 Bh5 13. c3 0-0 14. d4 Bd6 15. Bd3 Re8 16. Rxe8+ Qxe8 17. Bd2 Qd8 18. Qe2 Qe7 19. Qxe7 Nxe7 20. Ne1 f6 21. Bf1 a5 22. Nd3 Bf7 23. g3 Rd8 24. Nc5 Rb8 25. b4 b6 26. Na6 Rb7 27. Rb1 axb4 28. cxb4 Nf5 29. Bc3 Bf8 30. b5 Nd6 31. Rc1 Ra7 32. Bb4 Nc4 33. Bg2 h5 34. Ra1 c6 35. Re1 cxb5 36. axb5 Bd6 37. Rc1 Bxb4 38. Nxb4 Nd6 39. Bxd5 Bxd5 40. Nxd5 Nxb5 41. Nxb6 1/2-1/2

[Event "RUS-chT 31th"]
[Site "Sochi"]
[Date "2024.05.06"]
[Round "5.24"]
[White "Demidov, Mikhail"]
[Black "Afanasiev, Nikita"]
[Result "1/2-1/2"]
[WhiteElo "2548"]
[BlackElo "2541"]
[PlyCount "95"]
[EventDate "2024.05.01"]
[EventType "team-tourn"]
[EventRounds "9"]
[EventCountry "RUS"]
[SourceTitle "CB20_2024"]
[SourceDate "2024.05.16"]
[SourceVersion "1"]
[SourceVersionDate "2024.05.16"]
[SourceQuality "1"]
[WhiteTeam "Moscow ShSM"]
[BlackTeam "Moscow KPRF"]
[WhiteTeamCountry "RUS"]
[BlackTeamCountry "RUS"]

1. c4 e6 2. Nf3 b6 3. g3 Bb7 4. Bg2 Nf6 5. 0-0 c5 6. Nc3 Be7 7. d4 cxd4 8. Qxd4 Nc6 9. Qf4 0-0 10. Rd1 Qb8 11. e4 d6 12. b3 a6 13. Bb2 Ne5 14. Nd4 Re8 15. Rac1 Qc7 16. Qd2 Rac8 17. h3 Qb8 18. Re1 Nc6 19. Rcd1 Bf8 20. Na4 Nd7 21. Ba3 Qa7 22. Nc3 Nxd4 23. Qxd4 Nc5 24. Bb2 Bc6 25. Rd2 Qb8 26. Red1 b5 27. cxb5 axb5 28. Qb4 Qb7 29. a4 bxa4 30. Qxb7 Bxb7 31. bxa4 Bc6 32. Ba3 Nxa4 33. Nxa4 Bxa4 34. Ra1 Red8 35. e5 Bc6 36. Bxd6 Bxg2 37. Kxg2 f6 38. Rad1 Bxd6 39. Rxd6 Rxd6 40. Rxd6 Kf7 41. exf6 gxf6 42. g4 Rc5 43. Rd7+ Kg6 44. Re7 e5 45. Re6 Rc4 46. Ra6 Rf4 47. Kg3 h5 48. Ra8 1/2-1/2

[Event "Moscow-ch op Superfinal"]
[Site "Ershovo"]
[Date "2024.02.26"]
[Round "5"]
[White "Savchenko, Boris"]
[Black "Afanasiev, Nikita"]
[Result "1/2-1/2"]
[WhiteElo "2494"]
[BlackElo "2540"]
[PlyCount "94"]
[EventDate "2024.02.23"]
[EventType "swiss"]
[EventRounds "10"]
[EventCountry "RUS"]
[SourceTitle "CB10_2024"]
[SourceDate "2024.03.06"]
[SourceVersion "1"]
[SourceVersionDate "2024.03.06"]
[SourceQuality "1"]

1. d4 Nf6 2. Bf4 d5 3. e3 c5 4. c3 Nc6 5. Nd2 Bf5 6. Ngf3 e6 7. Qb3 Qc8 8. Nh4 Be4 9. f3 Bg6 10. g4 a6 11. Bg3 b5 12. Be2 Be7 13. f4 Qd8 14. Nxg6 hxg6 15. Bf3 Nd7 16. f5 gxf5 17. gxf5 Bg5 18. Ke2 Qe7 19. fxe6 fxe6 20. h4 Bh6 21. Bh5+ Kd8 22. a4 b4 23. Bf3 Rf8 24. Rhf1 Rc8 25. a5 Nf6 26. cxb4 cxd4 27. b5 axb5 28. Qxb5 dxe3 29. Nb3 Rf7 30. a6 Qb4 31. Qxb4 Nxb4 32. a7 Ra8 33. Ra4 Rb7 34. Nc5 Raxa7 35. Nxb7+ Rxb7 36. Rc1 Kd7 37. b3 Nc6 38. Rc3 e5 39. Rxc6 Kxc6 40. Bxe5 Rxb3 41. Ra6+ Kb5 42. Ra7 Ne4 43. Bxe4 dxe4 44. Bxg7 Bxg7 45. Rxg7 Kc4 46. Rd7 Rd3 47. Re7 Kd4 1/2-1/2

[Event "Ufa Startsev Memorial"]
[Site "Ufa"]
[Date "2024.02.11"]
[Round "8"]
[White "Gubajdullin, Alexey"]
[Black "Afanasiev, Nikita"]
[Result "0-1"]
[WhiteElo "2253"]
[BlackElo "2540"]
[PlyCount "69"]
[EventDate "2024.02.06"]
[EventType "swiss"]
[EventRounds "9"]
[EventCountry "RUS"]
[SourceTitle "CB07_2024"]
[SourceDate "2024.02.14"]
[SourceVersion "1"]
[SourceVersionDate "2024.02.14"]
[SourceQuality "1"]

1. Nf3 c5 2. e4 d6 3. g3 Nc6 4. Bg2 g6 5. 0-0 Bg7 6. c3 e5 7. d3 Nge7 8. a3 0-0 9. b4 h6 10. Be3 b6 11. b5 Nb8 12. d4 a6 13. dxe5 axb5 14. exd6 Nec6 15. e5 Re8 16. Nd4 cxd4 17. cxd4 Ra5 18. f4 b4 19. Nd2 Be6 20. a4 Rd5 21. Rc1 b3 22. Ne4 Na5 23. g4 b2 24. Rc2 Nbc6 25. f5 Nxe5 26. fxe6 Rxe6 27. Nf6+ Rxf6 28. Bxd5 Nxg4 29. Bf4 Rxf4 30. Rxf4 Qg5 31. d7 Ne3+ 32. Rg4 Qxd5 33. Rc8+ Kh7 34. d8Q Qxd8 35. Rc3 0-1

[Event "Ufa Startsev Memorial"]
[Site "Ufa"]
[Date "2024.02.07"]
[Round "3"]
[White "Afanasiev, Nikita"]
[Black "Khripachenko, Alexander"]
[Result "1-0"]
[WhiteElo "2540"]
[BlackElo "2258"]
[PlyCount "137"]
[EventDate "2024.02.06"]
[EventType "swiss"]
[EventRounds "9"]
[EventCountry "RUS"]
[SourceTitle "CB07_2024"]
[SourceDate "2024.02.14"]
[SourceVersion "1"]
[SourceVersionDate "2024.02.14"]
[SourceQuality "1"]

1. d4 d5 2. c4 e6 3. Nc3 Be7 4. cxd5 exd5 5. Bf4 c6 6. e3 Bf5 7. Nge2 Nd7 8. Qd2 Ngf6 9. Ng3 Be6 10. Bd3 0-0 11. h4 Re8 12. h5 h6 13. f3 Nb6 14. Kf2 Bd6 15. Nge2 Bxf4 16. Nxf4 Nh7 17. a4 Qd6 18. a5 Nd7 19. Rac1 Re7 20. Bxh7+ Kxh7 21. e4 Rae8 22. e5 Qb4 23. Ra1 Qc4 24. a6 Qb4 25. axb7 Qxb7 26. Na4 Kg8 27. Nd3 Nb6 28. Nac5 Qc7 29. Qf4 Bc8 30. b3 Rf8 31. Rhe1 Nd7 32. Nxd7 Bxd7 33. Re2 Bc8 34. Qd2 Ree8 35. Qf4 Kh7 36. Rea2 a6 37. Re2 Qe7 38. Rc1 Bd7 39. Nc5 Bc8 40. Rce1 Qc7 41. Qd2 Qd8 42. Rh1 Kg8 43. Qf4 Qc7 44. Rhe1 Kh7 45. Qh4 Qb6 46. Kg1 Qc7 47. g4 Qb8 48. Kg2 Qb4 49. Qf2 Re7 50. Kg3 f5 51. exf6 Ref7 52. Re8 Rxf6 53. Rxf8 Rxf8 54. Qe3 Kg8 55. Re2 Qa3 56. Qc3 a5 57. Re1 Qa2 58. Qe3 Qb2 59. Rd1 Qa3 60. Re1 Qb2 61. f4 Qc2 62. Qd3 Qb2 63. f5 Qa3 64. Qe3 Qb2 65. Rf1 Qc2 66. Rf3 Qd1 67. Qf2 Re8 68. Re3 Rf8 69. Re1 1-0

[Event "Ufa Startsev Memorial"]
[Site "Ufa"]
[Date "2024.02.07"]
[Round "2"]
[White "Kozlov, Denis1"]
[Black "Afanasiev, Nikita"]
[Result "0-1"]
[WhiteElo "2173"]
[BlackElo "2540"]
[PlyCount "66"]
[EventDate "2024.02.06"]
[EventType "swiss"]
[EventRounds "9"]
[EventCountry "RUS"]
[SourceTitle "CB07_2024"]
[SourceDate "2024.02.14"]
[SourceVersion "1"]
[SourceVersionDate "2024.02.14"]
[SourceQuality "1"]

1. Nf3 d5 2. c4 d4 3. e3 Nc6 4. Nxd4 Nxd4 5. exd4 Qxd4 6. Nc3 c6 7. d3 Nh6 8. Be3 Qd8 9. Be2 Nf5 10. Bf4 g6 11. h4 h5 12. Qa4 Bg7 13. 0-0-0 Qd4 14. Bg5 Qxf2 15. Rhf1 Qb6 16. Qa3 f6 17. Bd2 Be6 18. Rfe1 Nd4 19. Ne4 Bh6 20. Bxh6 Rxh6 21. Nc5 Bf5 22. Bxh5 Qc7 23. Bf3 Rxh4 24. Kb1 Kf7 25. Be4 Qd6 26. Bxf5 gxf5 27. b4 b6 28. Nb3 a5 29. c5 bxc5 30. bxa5 Qd5 31. Rd2 Nxb3 32. axb3 Rb4 33. Rb2 Qxd3+ 0-1

[Event "Ufa Startsev Memorial"]
[Site "Ufa"]
[Date "2024.02.06"]
[Round "1"]
[White "Afanasiev, Nikita"]
[Black "Petukhov, Dmitriy1"]
[Result "1-0"]
[WhiteElo "2540"]
[BlackElo "1908"]
[PlyCount "51"]
[EventDate "2024.02.06"]
[EventType "swiss"]
[EventRounds "9"]
[EventCountry "RUS"]
[SourceTitle "CB07_2024"]
[SourceDate "2024.02.14"]
[SourceVersion "1"]
[SourceVersionDate "2024.02.14"]
[SourceQuality "1"]

1. Nf3 Nf6 2. c4 b6 3. Nc3 Bb7 4. d4 e6 5. a3 d5 6. cxd5 Nxd5 7. Qc2 c5 8. e4 Nxc3 9. bxc3 Nd7 10. Bd3 Be7 11. 0-0 0-0 12. d5 exd5 13. exd5 Bxd5 14. Bxh7+ Kh8 15. Be4 Nf6 16. Bxd5 Qxd5 17. Re1 Rfe8 18. Re5 Qd7 19. Bg5 Kg8 20. Rd1 Qg4 21. h4 Kf8 22. h5 Ng8 23. Qh7 Rad8 24. Bxe7+ Nxe7 25. Rde1 Qd7 26. Rxe7 1-0

[Event "Ufa Startsev Memorial Blitz"]
[Site "Ufa"]
[Date "2024.02.03"]
[Round "5"]
[White "Afanasiev, Nikita"]
[Black "Volkov, Maksim"]
[Result "1/2-1/2"]
[WhiteElo "2540"]
[BlackElo "2302"]
[PlyCount "198"]
[EventDate "2024.02.03"]
[EventType "swiss (blitz)"]
[EventRounds "13"]
[EventCountry "RUS"]
[SourceTitle "CB07_2024"]
[SourceDate "2024.02.14"]
[SourceVersion "1"]
[SourceVersionDate "2024.02.14"]
[SourceQuality "1"]

1. Nf3 d5 2. e3 Nf6 3. c4 c6 4. b3 Bf5 5. Bb2 e6 6. Nc3 Be7 7. Nh4 Bg4 8. Qc2 Nfd7 9. h3 Bh5 10. Nf3 Bg6 11. Bd3 Bxd3 12. Qxd3 Nc5 13. Qb1 dxc4 14. bxc4 Nd3+ 15. Ke2 Nxb2 16. Qxb2 b6 17. d4 Nd7 18. Rhd1 0-0 19. a4 Qc8 20. Qb3 Rb8 21. Kf1 Re8 22. Rac1 Bf8 23. Ne4 Qa6 24. Kg1 Qa5 25. Qc2 h6 26. Rb1 Qf5 27. Rdc1 Ba3 28. Rd1 Bf8 29. Rb2 Rbc8 30. Rdb1 c5 31. Rd1 Rc7 32. Nh4 Qh5 33. Nf3 cxd4 34. exd4 Rec8 35. Ned2 Qa5 36. Rb5 Qa6 37. Re1 Nf6 38. Qa2 Rd8 39. a5 bxa5 40. Rxa5 Qb7 41. Rb1 Qa8 42. Ra1 Bb4 43. Rxa7 Rxa7 44. Qxa7 Qxa7 45. Rxa7 Bxd2 46. Nxd2 Rxd4 47. Nf3 Rxc4 48. Ne5 Rc1+ 49. Kh2 Ne4 50. f3 Nd6 51. Rd7 Nf5 52. Rd8+ Kh7 53. Nxf7 Rc2 54. Ne5 Ne3 55. Rd7 Rxg2+ 56. Kh1 Rb2 57. Re7 Rb6 58. Kg1 Nf5 59. Re8 Rb5 60. f4 Rb4 61. Rxe6 Rxf4 62. Ng4 Nh4 63. Kh2 Ra4 64. Re2 Nf3+ 65. Kg2 Ng5 66. Re3 Ne4 67. Kf3 Nd6 68. Rd3 Nf5 69. Rd5 Ra3+ 70. Kg2 Nh4+ 71. Kh2 Nf3+ 72. Kg2 Ng5 73. h4 Ne4 74. Ne5 Ra2+ 75. Kf3 Nf6 76. Rd4 Ra5 77. Nd3 Kg6 78. Nf4+ Kf5 79. Ng2 Ra3+ 80. Ke2 Ra2+ 81. Kf3 Ra3+ 82. Ke2 h5 83. Rc4 Ng4 84. Rf4+ Ke5 85. Rb4 Ra2+ 86. Kf3 Ra3+ 87. Ke2 Kf5 88. Rf4+ Kg6 89. Rb4 Kh6 90. Rb6+ Kh7 91. Nf4 Nf6 92. Rb5 Ra4 93. Nxh5 Rxh4 94. Nxf6+ gxf6 95. Kf3 Kg6 96. Ra5 Rb4 97. Rc5 Ra4 98. Rb5 f5 99. Rb8 Kf6 1/2-1/2

[Event "Ufa Startsev Memorial Blitz"]
[Site "Ufa"]
[Date "2024.02.03"]
[Round "6"]
[White "Skatchkov, Valery"]
[Black "Afanasiev, Nikita"]
[Result "1/2-1/2"]
[WhiteElo "2213"]
[BlackElo "2540"]
[PlyCount "64"]
[EventDate "2024.02.03"]
[EventType "swiss (blitz)"]
[EventRounds "13"]
[EventCountry "RUS"]
[SourceTitle "CB07_2024"]
[SourceDate "2024.02.14"]
[SourceVersion "1"]
[SourceVersionDate "2024.02.14"]
[SourceQuality "1"]

1. d4 g6 2. e4 Bg7 3. Nf3 d6 4. Be2 a6 5. c4 Bg4 6. 0-0 Nc6 7. Be3 e5 8. d5 Bxf3 9. Bxf3 Nd4 10. Nd2 Ne7 11. Nb3 Nxf3+ 12. Qxf3 f5 13. exf5 Nxf5 14. Nd2 0-0 15. Qg4 b5 16. b3 bxc4 17. Bg5 Qd7 18. bxc4 Rab8 19. c5 Qb5 20. Rac1 Qd3 21. Rfd1 Qxd5 22. Nb3 Nd4 23. Nxd4 exd4 24. Be7 Rf7 25. cxd6 cxd6 26. Rc8+ Rxc8 27. Qxc8+ Bf8 28. Bxf8 Rxf8 29. Qxa6 Re8 30. Qd3 Qxa2 31. Qxd4 Qe6 32. h3 Rd8 1/2-1/2

[Event "Ekaterinburg Scerbin Memorial"]
[Site "Ekaterinburg"]
[Date "2024.01.14"]
[Round "8"]
[White "Afanasiev, Nikita"]
[Black "Drygalov, Sergey"]
[Result "0-1"]
[WhiteElo "2541"]
[BlackElo "2547"]
[PlyCount "84"]
[EventDate "2024.01.13"]
[EventType "swiss (rapid)"]
[EventRounds "11"]
[EventCountry "RUS"]
[SourceTitle "CB03_2024"]
[SourceDate "2024.01.17"]
[SourceVersion "1"]
[SourceVersionDate "2024.01.17"]
[SourceQuality "1"]

1. c4 e5 2. d3 Nf6 3. Nf3 Nc6 4. a3 d5 5. cxd5 Nxd5 6. e3 g5 7. b4 g4 8. Nfd2 a6 9. Bb2 h5 10. Nc3 Be6 11. Rc1 Rg8 12. Nce4 h4 13. g3 f5 14. Nc5 Bxc5 15. Rxc5 f4 16. e4 Nb6 17. Rxc6 bxc6 18. Bxe5 f3 19. d4 a5 20. b5 Nd7 21. Bf4 c5 22. d5 Bxd5 23. exd5 Qe7+ 24. Be3 0-0-0 25. Bc4 Rh8 26. gxh4 Rxh4 27. Qb3 Nb6 28. Rg1 Qe5 29. Qa2 Qc3 30. Qb3 Qa1+ 31. Qd1 Qc3 32. Qb3 Qa1+ 33. Qd1 Qxa3 34. Kf1 Qc3 35. Ba2 Qd3+ 36. Ke1 Re8 37. Bb1 Rxe3+ 38. fxe3 Qxe3+ 39. Kf1 Rxh2 40. Ne4 Nc4 41. Qe1 Nd2+ 42. Nxd2 Qxe1+ 0-1

[Event "Ekaterinburg Scerbin Memorial"]
[Site "Ekaterinburg"]
[Date "2024.01.14"]
[Round "10"]
[White "Afanasiev, Nikita"]
[Black "Pingin, Artem"]
[Result "1-0"]
[WhiteElo "2541"]
[BlackElo "2423"]
[PlyCount "89"]
[EventDate "2024.01.13"]
[EventType "swiss (rapid)"]
[EventRounds "11"]
[EventCountry "RUS"]
[SourceTitle "CB03_2024"]
[SourceDate "2024.01.17"]
[SourceVersion "1"]
[SourceVersionDate "2024.01.17"]
[SourceQuality "1"]

1. Nf3 d5 2. e3 Nf6 3. c4 e6 4. b3 Be7 5. Bb2 0-0 6. Nc3 dxc4 7. Bxc4 a6 8. 0-0 b5 9. Be2 c5 10. a4 b4 11. Nb1 Bb7 12. d3 Nbd7 13. Nbd2 Nd5 14. Ne4 N7f6 15. Qc2 Rc8 16. Rac1 Nxe4 17. dxe4 Nf6 18. e5 Nd5 19. Nd2 Qc7 20. Qb1 Rfd8 21. Rfd1 Nb6 22. Qc2 Qb8 23. Bf1 Qa8 24. a5 Nd5 25. Nc4 Qb8 26. Nd6 Rc7 27. Qc4 Rc6 28. Qg4 Ba8 29. Bc4 Nc3 30. Rxc3 bxc3 31. Bxc3 g6 32. Qf4 Rf8 33. h4 Rc7 34. h5 Rd7 35. e4 Bc6 36. Rd3 Bb5 37. hxg6 fxg6 38. Bxe6+ Kg7 39. Nf5+ Rxf5 40. exf5 Rxd3 41. f6+ Kh8 42. fxe7 Kg7 43. Qf6+ Kh6 44. Qf8+ Kg5 45. Qxb8 1-0

[Event "Ekaterinburg Scerbin Memorial"]
[Site "Ekaterinburg"]
[Date "2024.01.13"]
[Round "4"]
[White "Afanasiev, Nikita"]
[Black "Odegov, Artem"]
[Result "1-0"]
[WhiteElo "2541"]
[BlackElo "2261"]
[PlyCount "59"]
[EventDate "2024.01.13"]
[EventType "swiss (rapid)"]
[EventRounds "11"]
[EventCountry "RUS"]
[SourceTitle "CB03_2024"]
[SourceDate "2024.01.17"]
[SourceVersion "1"]
[SourceVersionDate "2024.01.17"]
[SourceQuality "1"]

1. c4 b6 2. d4 Bb7 3. Nc3 Nf6 4. d5 e6 5. a3 Bd6 6. Nf3 0-0 7. e4 Re8 8. Be2 exd5 9. exd5 c6 10. 0-0 h6 11. Nd4 cxd5 12. cxd5 Be5 13. Bf3 Na6 14. Be3 Rc8 15. Rc1 Qc7 16. g3 Qb8 17. Ndb5 Bxg3 18. hxg3 Rxe3 19. fxe3 Qxg3+ 20. Bg2 Ng4 21. Rf3 Qh2+ 22. Kf1 Qh4 23. Nd6 Nc5 24. b4 Nh2+ 25. Kg1 Nxf3+ 26. Qxf3 Nd3 27. Qxf7+ Kh8 28. Nxc8 Nxc1 29. Qe8+ Kh7 30. Be4+ 1-0

[Event "Ekaterinburg Scerbin Memorial"]
[Site "Ekaterinburg"]
[Date "2024.01.13"]
[Round "3"]
[White "Safin, Timur"]
[Black "Afanasiev, Nikita"]
[Result "0-1"]
[WhiteElo "2157"]
[BlackElo "2541"]
[PlyCount "54"]
[EventDate "2024.01.13"]
[EventType "swiss (rapid)"]
[EventRounds "11"]
[EventCountry "RUS"]
[SourceTitle "CB03_2024"]
[SourceDate "2024.01.17"]
[SourceVersion "1"]
[SourceVersionDate "2024.01.17"]
[SourceQuality "1"]

1. d4 g6 2. c4 Bg7 3. Nc3 e6 4. e4 Ne7 5. h4 d5 6. cxd5 exd5 7. exd5 Nxd5 8. Bg5 Ne7 9. Nf3 0-0 10. Be2 h6 11. Bf4 Nf5 12. Be5 Re8 13. Bxg7 Kxg7 14. d5 Nd7 15. h5 g5 16. 0-0 Nf6 17. Rc1 a6 18. Nd4 Qd6 19. Re1 Qb4 20. Nxf5+ Bxf5 21. Qb3 Qxb3 22. axb3 Rad8 23. Bf3 g4 24. Rxe8 Rxe8 25. Be2 Nxh5 26. Kf1 Nf4 27. g3 Nxe2 0-1

[Event "Ekaterinburg Scerbin Memorial Blitz"]
[Site "Ekaterinburg"]
[Date "2024.01.12"]
[Round "8"]
[White "Makarian, Rudik"]
[Black "Afanasiev, Nikita"]
[Result "1-0"]
[WhiteElo "2525"]
[BlackElo "2541"]
[PlyCount "123"]
[EventDate "2024.01.12"]
[EventType "swiss (blitz)"]
[EventRounds "13"]
[EventCountry "RUS"]
[SourceTitle "CB03_2024"]
[SourceDate "2024.01.17"]
[SourceVersion "1"]
[SourceVersionDate "2024.01.17"]
[SourceQuality "1"]

1. d4 d5 2. c4 dxc4 3. Nf3 Nf6 4. e3 e6 5. Bxc4 a6 6. 0-0 c5 7. Nbd2 Nc6 8. dxc5 Bxc5 9. a3 0-0 10. b4 Ba7 11. Bb2 Qe7 12. Qc2 e5 13. b5 axb5 14. Bxb5 Bb8 15. a4 Re8 16. Ba3 Qc7 17. e4 Bd7 18. Rac1 Ba7 19. Nc4 Nd4 20. Nxd4 Bxd4 21. Qb3 Bxb5 22. Qxb5 Nxe4 23. Bb2 Bxb2 24. Qxb2 Qe7 25. Rfe1 f5 26. f3 Qc5+ 27. Ne3 Qd4 28. Qxd4 exd4 29. Nxf5 Nc3 30. Rxe8+ Rxe8 31. Nxd4 Nxa4 32. Rc7 b6 33. Nf5 g6 34. Nh6+ Kh8 35. Nf7+ Kg8 36. Nh6+ Kh8 37. Nf7+ Kg8 38. Ng5 h6 39. Ne4 Re6 40. Kf2 b5 41. Ra7 Rb6 42. g4 Nb2 43. Ke3 b4 44. Kd4 b3 45. Ra1 Na4 46. Rxa4 b2 47. Nc3 Rb3 48. Nb1 Rxf3 49. Ra2 Rf4+ 50. Ke3 Rxg4 51. Rxb2 h5 52. Nc3 Kg7 53. Ne4 h4 54. Kf3 Rg1 55. Nf2 Ra1 56. Rb7+ Kh6 57. Ng4+ Kh5 58. Rb5+ g5 59. Nf6+ Kg6 60. Ne4 Rf1+ 61. Kg2 Rf4 62. Rxg5+ 1-0

[Event "Khanty-Mansiysk TOP 28 Blitz GP"]
[Site "Khanty-Mansiysk"]
[Date "2023.12.04"]
[Round "8"]
[White "Iljiushenok, Ilia"]
[Black "Afanasiev, Nikita"]
[Result "1/2-1/2"]
[WhiteElo "2547"]
[BlackElo "2540"]
[PlyCount "54"]
[EventDate "2023.12.04"]
[EventType "tourn (blitz)"]
[EventRounds "13"]
[EventCountry "RUS"]
[EventCategory "10"]
[SourceTitle "CB49_2023"]
[SourceDate "2023.12.06"]
[SourceVersion "1"]
[SourceVersionDate "2023.12.06"]
[SourceQuality "1"]

1. e4 g6 2. d4 Bg7 3. c4 e6 4. Nf3 Ne7 5. Nc3 d5 6. Bd3 Nbc6 7. Be3 0-0 8. 0-0 b6 9. a3 dxe4 10. Bxe4 Bb7 11. Re1 Na5 12. Bxb7 Nxb7 13. Bf4 Nd6 14. Qd3 Ndf5 15. Rad1 Qd7 16. Be5 Rad8 17. Bxg7 Kxg7 18. Qe4 Qd6 19. g4 Nh6 20. h3 a6 21. Qe5+ Qxe5 22. dxe5 Nc6 23. b4 Ng8 24. Ne4 Nge7 25. Kf1 h5 26. Ke2 hxg4 27. hxg4 Ng8 1/2-1/2

[Event "RUS Cup tt"]
[Site "Sochi"]
[Date "2023.11.30"]
[Round "4.4"]
[White "Afanasiev, Nikita"]
[Black "Ponfilenok, Vladimir"]
[Result "1-0"]
[WhiteElo "2534"]
[BlackElo "2281"]
[PlyCount "69"]
[EventDate "2023.11.27"]
[EventType "team-swiss"]
[EventRounds "7"]
[EventCountry "RUS"]
[SourceTitle "CB49_2023"]
[SourceDate "2023.12.06"]
[SourceVersion "1"]
[SourceVersionDate "2023.12.06"]
[SourceQuality "1"]
[WhiteTeam "KPRF Club"]
[BlackTeam "Russia Veterans"]
[WhiteTeamCountry "RUS"]
[BlackTeamCountry "RUS"]

1. Nf3 e6 2. g3 d5 3. Bg2 Nf6 4. 0-0 Be7 5. d3 0-0 6. Nbd2 Nc6 7. d4 Ne4 8. e3 f5 9. c4 a5 10. a3 a4 11. Ne1 Kh8 12. Qc2 Bd7 13. Nd3 Na5 14. cxd5 exd5 15. Nf4 Nxd2 16. Bxd2 Nb3 17. Bxd5 Nxa1 18. Rxa1 c6 19. Bg2 Bd6 20. Bb4 Qe7 21. Bxd6 Qxd6 22. Nd3 Be8 23. Rc1 Ra7 24. Nc5 b5 25. Nd3 Rc7 26. Qc5 Rf6 27. d5 Rc8 28. Nb4 Qxc5 29. Rxc5 Rd6 30. Bf3 g6 31. dxc6 Kg7 32. h4 Bxc6 33. Nxc6 b4 34. axb4 Rd2 35. Ra5 1-0

[Event "RUS Cup tt"]
[Site "Sochi"]
[Date "2023.11.27"]
[Round "1.4"]
[White "Pogorelov, Boris"]
[Black "Afanasiev, Nikita"]
[Result "0-1"]
[WhiteElo "1520"]
[BlackElo "2534"]
[PlyCount "89"]
[EventDate "2023.11.27"]
[EventType "team-swiss"]
[EventRounds "7"]
[EventCountry "RUS"]
[SourceTitle "CB49_2023"]
[SourceDate "2023.12.06"]
[SourceVersion "1"]
[SourceVersionDate "2023.12.06"]
[SourceQuality "1"]
[WhiteTeam "Sbornaya LNR"]
[BlackTeam "KPRF Club"]
[WhiteTeamCountry "RUS"]
[BlackTeamCountry "RUS"]

1. e4 c5 2. c3 Nf6 3. e5 Nd5 4. d4 cxd4 5. Nf3 Nc6 6. Bc4 Nb6 7. Bb3 d5 8. exd6 Qxd6 9. 0-0 Bf5 10. Nxd4 Nxd4 11. cxd4 e6 12. Bg5 h6 13. Bh4 Be7 14. Bxe7 Kxe7 15. Nc3 Rhd8 16. Qf3 Qxd4 17. Rfd1 Qf6 18. Qxb7+ Kf8 19. Nb5 Rxd1+ 20. Rxd1 Qe7 21. Nc7 Be4 22. Qxe4 Qxc7 23. g3 Rc8 24. Kg2 Qe7 25. Qf3 Rc5 26. Rd4 g6 27. h4 Kg7 28. a3 Qc7 29. Ba2 Rc2 30. Rb4 Rd2 31. Bc4 Qe5 32. b3 Rb2 33. Rb5 Qd4 34. Ra5 Nxc4 35. bxc4 Rc2 36. Ra4 Rxc4 37. Rxc4 Qxc4 38. Qe3 Qd5+ 39. Kg1 a5 40. Qc3+ e5 41. f4 Qd4+ 42. Qxd4 exd4 43. Kf2 Kf6 44. Kf3 d3 45. Ke3 0-1